| 000 | 00469nam a2200181Ia 4500 | ||
|---|---|---|---|
| 001 | 19933 | ||
| 005 | 20260306172729.0 | ||
| 008 | 260306t2022||||xx |||||||||||||| ||spa|| | ||
| 041 | _aESP | ||
| 082 |
_a341.4 _bV64 |
||
| 100 |
_aViglianisi Ferraro, Angelo, _eAUT |
||
| 245 | 0 | _aTratado de inteligencia artificial y derecho en el nuevo milenio | |
| 260 | _c2022 | ||
| 300 |
_a580 páginas : _c23 cm. |
||
| 650 | _aGEN | ||
| 654 | _aCDE | ||
| 942 |
_cLIB _dJUS _fJUS _2ddc _n |
||
| 999 |
_c19933 _d19933 |
||